| 000 -LEADER |
| fixed length control field |
01909cam a2200445 a 4500 |
| 001 - CONTROL NUMBER |
| control field |
13507723 |
| 003 - CONTROL NUMBER IDENTIFIER |
| control field |
NUST |
| 005 - DATE AND TIME OF LATEST TRANSACTION |
| control field |
20191003132912.0 |
| 008 - FIXED-LENGTH DATA ELEMENTS--GENERAL INFORMATION |
| fixed length control field |
040302s2004 dcuadk bt 001 0 eng d |
| 010 ## - LIBRARY OF CONGRESS CONTROL NUMBER |
| LC control number |
2004103181 |
| 020 ## - INTERNATIONAL STANDARD BOOK NUMBER |
| International Standard Book Number |
0309070066 |
| 035 ## - SYSTEM CONTROL NUMBER |
| System control number |
(OCoLC)ocm55618452 |
| 038 ## - RECORD CONTENT LICENSOR |
| Staff Name |
MSOHAIL |
| 040 ## - CATALOGING SOURCE |
| Original cataloging agency |
TRL |
| Transcribing agency |
TRL |
| Modifying agency |
BUF |
| -- |
DAY |
| -- |
DLC |
| 042 ## - AUTHENTICATION CODE |
| Authentication code |
lccopycat |
| 043 ## - GEOGRAPHIC AREA CODE |
| Geographic area code |
n-us--- |
| 050 00 - LIBRARY OF CONGRESS CALL NUMBER |
| Classification number |
HE203 |
| Item number |
.P48 2004 |
| 082 ## - DEWEY DECIMAL CLASSIFICATION NUMBER |
| Classification number |
0 |
| 100 1# - MAIN ENTRY--PERSONAL NAME |
| Personal name |
Petraglia, Lisa M., |
| Dates associated with a name |
1962- |
| 9 (RLIN) |
22732 |
| 245 10 - TITLE STATEMENT |
| Title |
Integrating tourism and recreation travel with transportation planning and project delivery / |
| Statement of responsibility, etc. |
consultants: Lisa Petraglia and Glen Weisbrod. |
| 260 ## - PUBLICATION, DISTRIBUTION, ETC. |
| Place of publication, distribution, etc. |
Washington, D.C. : |
| Name of publisher, distributor, etc. |
Transportation Research Board, |
| Date of publication, distribution, etc. |
2004. |
| 300 ## - PHYSICAL DESCRIPTION |
| Extent |
53 p. : |
| Other physical details |
charts, forms ; |
| Dimensions |
28 cm. |
| 490 1# - SERIES STATEMENT |
| Series statement |
NCHRP synthesis, |
| International Standard Serial Number |
0547-5570 ; |
| Volume/sequential designation |
329 |
| 500 ## - GENERAL NOTE |
| General note |
At head of title: National Cooperative Highway Research Program. |
| 500 ## - GENERAL NOTE |
| General note |
"Research sponsored by the American Association of State Highway and Transportation Officials in cooperation with the Federal Highway Administration." |
| 504 ## - BIBLIOGRAPHY, ETC. NOTE |
| Bibliography, etc. note |
Includes bibliographical references (p. 32-33). |
| 650 #0 - SUBJECT ADDED ENTRY--TOPICAL TERM |
| Topical term or geographic name entry element |
Transportation |
| Geographic subdivision |
United States |
| General subdivision |
Planning. |
| 9 (RLIN) |
21431 |
| 650 #0 - SUBJECT ADDED ENTRY--TOPICAL TERM |
| Topical term or geographic name entry element |
Tourism |
| Geographic subdivision |
United States. |
| 9 (RLIN) |
22733 |
| 650 #0 - SUBJECT ADDED ENTRY--TOPICAL TERM |
| Topical term or geographic name entry element |
Recreation |
| Geographic subdivision |
United States. |
| 9 (RLIN) |
22734 |
| 700 1# - ADDED ENTRY--PERSONAL NAME |
| Personal name |
Weisbrod, Glen E. |
| Fuller form of name |
(Glen Elliot) |
| 9 (RLIN) |
22417 |
| 710 2# - ADDED ENTRY--CORPORATE NAME |
| Corporate name or jurisdiction name as entry element |
National Cooperative Highway Research Program. |
| 9 (RLIN) |
20864 |
| 710 2# - ADDED ENTRY--CORPORATE NAME |
| Corporate name or jurisdiction name as entry element |
American Association of State Highway and Transportation Officials. |
| 9 (RLIN) |
19553 |
| 710 2# - ADDED ENTRY--CORPORATE NAME |
| Corporate name or jurisdiction name as entry element |
National Research Council (U.S.). |
| Subordinate unit |
Transportation Research Board. |
| 9 (RLIN) |
22735 |
| 830 #0 - SERIES ADDED ENTRY--UNIFORM TITLE |
| Uniform title |
Synthesis of highway practice ; |
| Volume/sequential designation |
329. |
| 9 (RLIN) |
22736 |
| 856 42 - ELECTRONIC LOCATION AND ACCESS |
| Uniform Resource Identifier |
<a href="http://gulliver.trb.org">http://gulliver.trb.org</a> |
| 856 42 - ELECTRONIC LOCATION AND ACCESS |
| Uniform Resource Identifier |
<a href="http://www4.trb.org/trb/onlinepubs.nsf">http://www4.trb.org/trb/onlinepubs.nsf</a> |
| 906 ## - LOCAL DATA ELEMENT F, LDF (RLIN) |
| a |
7 |
| b |
cbc |
| c |
orignew |
| d |
2 |
| e |
epcn |
| f |
20 |
| g |
y-gencatlg |
| 942 ## - ADDED ENTRY ELEMENTS (KOHA) |
| Source of classification or shelving scheme |
|
| Koha item type |
Book |